Österreichs Kader von der em 2024 - Statistiken

Allgemein
  • Dieses Quiz wurde 34 mal gespielt
  • Das Durchschnittsergebnis liegt bei 20 aus 28
Antwortstatistiken
Bildquiz Antwort % Korrekt
Marcel Sabitzer
100%
Christoph Baumgartner
89%
David Alaba
89%
Kevin Danso
89%
Konny Laimer
89%
Marko Arnautovic
89%
Gernot Trauner
86%
Michael Gregoritsch
86%
Patrick Wimmer
86%
Philipp Lienhart
86%
Phillipp Mwene
86%
Maxi Wöber
79%
Stefan Posch
79%
Flo Grillitsch
75%
Flo Kainz
75%
Niki Seiwald
75%
Alex Prass
71%
Romano Schmid
71%
Leopold Querfeld
68%
Patrick Pentz
68%
Heinz Lindner
61%
Ralf Rangnick
61%
Niki Hedl
54%
Marco Grüll
50%
Matthias Seidl
46%
Andreas Weiman
43%
Flavius Daniliuc
39%
Maxi Entrup
32%
Keine übereinstimmenden Quizze gefunden
Verteilung der Resultate
Anzahl Personen mit jedem Resultat
Perzentil nach korrekt beantworteten Fragen
Ihre Resultats-Entwicklung
Sie haben dieses Quiz noch nicht gespielt